| 000 | 00481nam a22001217a 4500 | ||
|---|---|---|---|
| 082 | _a200 THE | ||
| 100 |
_aAli Athar _970312 |
||
| 245 | _aTH-SOF-1438-An Improved Ensemble Based Feature Selection Approach for Sentiment Classification: A NOVEL CLASSIFIERS ENSEMBLE APPROACH TO IMPROVE PERFORMANCE OF SENTIMENTAL CLASSIFICATION | ||
| 260 |
_aIslamabad _bNUST College of EME _c2017 |
||
| 650 | _a MS-CSE-14 MSTHESIS | ||
| 700 |
_aSupervisor Dr. Wasi Haider Butt _969491 |
||
| 942 | _cCF | ||
| 999 |
_c577303 _d577303 |
||